| 000 | 00677cab a2200241 4500 | ||
|---|---|---|---|
| 001 | WB3308-33 | ||
| 008 | 090401t1997 xxu||||| |||| 00| 0 eng d | ||
| 035 | _a(Sirsi) u55631 | ||
| 041 | _aeng | ||
| 245 | _aNo eastern promise | ||
| 260 | _c1997 | ||
| 350 | _a0 | ||
| 490 |
_aFinancial Times _v21 February 1997, 26(2) |
||
| 520 | _aCharts the unexpected fall in the east German property market. | ||
| 650 | _aEASTERN GERMANY | ||
| 650 | _aPROPERTY-COMMERCIAL PROPERTY-OFFICE PROPERTY-OFFICE PROPERTY MARKET | ||
| 650 | _aOVERSUPPLY | ||
| 650 | _aPROPERTY MARKET | ||
| 650 | _aSUPPLY AND DEMAND | ||
| 690 | _aOVERSEAS-EUROPE | ||
| 942 | _n0 | ||
| 948 | _c04/03/1997 | ||
| 999 |
_c34003 _d34003 |
||